Logo BPK

Biblioteka

Politechniki Koszalińskiej

Deutsche Konversation mit Modellen : (Rekord nr 49484)

Szczegóły MARC
000 -ETYKIETA REKORDU
podpole kontrolne o stałej długości 00755nam a2200241 i 4500
001 - NUMER KONTROLNY REKORDU
pole kontrolne bgj
040 ## - ŹRÓDŁO KATALOGOWANIA
Instytucja, która utworzyła rekord BPK
041 0# - KOD JĘZYKA
Kod języka tekstu ger
008 - POLE O STAŁEJ DŁUGOŚCI - DANE KONTROLNE
podpole kontrolne o stałej długości s gw f |000 0 ger
245 00 - TYTUŁ/ODPOWIEDZIALNOŚĆ
Tytuł Deutsche Konversation mit Modellen :
Ciąg dalszy tytułu Ein Übungsbuch für Fortgeschrittene /
Pozostałe elementy strefy tytułu i oznaczenia odpowiedzialności Autorenkollektiv: Sieglinde Czichocki [et al.] ; Wissenchaftliche Leitung: Johannes Wenzel.
260 ## - STREFA ADRESU WYDAWNICZEGO
Miejsce wydania Leipzig :
Nazwa wydawcy/dystrybutora VEB Verlag Enzyklopädie,
Data publikacji, dystrybucji/powstania dokumentu 1974.
300 ## - STREFA OPISU FIZYCZNEGO
Objętość 279, [1], [4] S. :
Inne cechy fizyczne Ill. ;
Rozmiary 22 cm.
504 ## - UWAGA DOTYCZĄCA BIBLIOGRAFII
Informacje o bibliografii Bibliographie S. 279.
505 ## - SFORMALIZOWANA UWAGA DOTYCZĄCA ZAWARTOŚCI
Pełny tekst uwagi Register.
650 #9 - HASŁO PRZEDMIOTOWE W FORMIE NAZWY OGÓLNEJ LUB JEDNOSTKOWEJ
Nazwa ogólna lub geograficzna Deutsche Sprache
650 #9 - HASŁO PRZEDMIOTOWE W FORMIE NAZWY OGÓLNEJ LUB JEDNOSTKOWEJ
Nazwa ogólna lub geograficzna Grammatiken
650 #9 - HASŁO PRZEDMIOTOWE W FORMIE NAZWY OGÓLNEJ LUB JEDNOSTKOWEJ
Nazwa ogólna lub geograficzna Lexika
651 #9 - HASŁO PRZEDMIOTOWE W FORMIE NAZWY GEOGRAFICZNEJ
Nazwa geograficzna Deutschland
655 ## - TERMIN INDEKSOWY - OKREŚLENIE RODZAJU/FORMY DOKUMENTU
Określenie rodzaju/formy dokumentu Lehrbücher
700 1# - HASŁO DODATKOWE - NAZWA OSOBOWA
Nazwa osobowa CZICHOCKI, Sieglinde
700 1# - HASŁO DODATKOWE - NAZWA OSOBOWA
Nazwa osobowa WENZEL, Johannes
856 ## - LOKALIZACJA I DOSTĘP DO ELEKTRONICZNYCH DOKUMENTÓW ZDALNYCH
Link (URL) http://koha.tu.koszalin.pl/cgi-bin/koha/opac-detail.pl?biblionumber=49484
Tekst linku Katalog online BPK
942 ## - DODATKOWE ELEMENTY (KOHA)
Typ dokumentu Książka
Egzemplarze
Wycofany Status egzemplarza Uszkodzony Dostępność Lokalizacja stała Lokalizacja bieżąca Miejsce przechowywania Sygnatura Kod kreskowy Typ dokumentu
      Tylko na miejscu Biblioteka Politechniki Koszalińskiej Biblioteka Politechniki Koszalińskiej Czytelnia Wydziałowa ul. Kwiatkowskiego 6e N 1243 02399645 Książka
      Dostępny Biblioteka Politechniki Koszalińskiej Biblioteka Politechniki Koszalińskiej Wypożyczalnia Językowa N 1244 02399652 Książka
© 2023 Biblioteka Politechniki Koszalińskiej :: KOHA